000 00831cam a2200241 a 4500
001 12297328
005 20180201090905.0
008 010202s2002 maua b 001 0 eng
010 _a 2001022109
020 _a0205341950 (alk. paper)
040 _aDLC
_cDLC
_dDLC
041 _aeng
043 _an-us---
080 _a371.9 BOS
082 0 0 _a371.9 BOS
_221
100 1 _a47
101 _aEDU
245 1 0 _aStrategies for teaching students with learning and behavior problems /
_cCandace S. Bos, Sharon Vaughn.
504 _aIncludes bibliographical references (p. 531-566) and index.
906 _a7
_bcbc
_corignew
_d1
_eocip
_f20
_gy-gencatlg
942 _2ddc
_cBK
999 _c41558
_d41558